000 00600nam a22002057a 4500
999 _c21053
_d21053
003 AR-CdUCM
008 190725b ||||| |||| 00| 0 spa d
020 _a978-0-9682453-4-7
040 _aMUNICIPALIDAD PROVINCIAL DEL CUSCO
_cBIBLIOTECA MUNICIPAL DEL CUSCO
082 _a985.613 /
_bP13
100 _aPacheco Alvarez, Wilbert
_920915
245 _aPaginas Chinchaypujinas /
260 _aCanada :
_bChaski Press,
_c2014.
300 _a204 páginas ;
_c20 cm.
650 _aHistoria
_9136
650 _aCostumbres
_9230
650 _aChinchaypukyu
_943850
942 _2ddc
_cLIBROS
945 _azta